Мир в зеркале языков: комплексная парадигма (Запись № 10861883)

Подробности
000 -МАРКЕР
контрольное поле 03216nam0a2200397 4500
001 - ИДЕНТИФИКАТОР ЗАПИСИ
контрольное поле RU\NLR\BIBL_A\011896738
005 - ИДЕНТИФИКАТОР ВЕРСИИ
контрольное поле 20190313142352.0
010 ## - МЕЖДУНАРОДНЫЙ СТАНДАРТНЫЙ НОМЕР КНИГИ (ISBN)
Номер (ISBN) 978-5-906786-80-7
Тираж 25
021 ## - НОМЕР ГОСУДАРСТВЕННОЙ РЕГИСТРАЦИИ
Код страны Российская Федерация
Номер КН-П-18-084646
Номер Листа государственной регистраци КН-П-18-6128
035 ## - ДРУГИЕ СИСТЕМНЫЕ НОМЕРА
Идентификатор записи (NLR Aleph) 011896738
035 ## - ДРУГИЕ СИСТЕМНЫЕ НОМЕРА
Идентификатор записи (RuMoRGB)009799569
100 ## - ДАННЫЕ ОБЩЕЙ ОБРАБОТКИ
Данные общей обработки 20181220d2018 k y0rusy50 ca
101 0# - ЯЗЫК РЕСУРСА
Язык текста, звукозаписи и т.д. русский
-- немецкий
-- английский
-- французский
102 ## - СТРАНА ПУБЛИКАЦИИ ИЛИ ПРОИЗВОДСТВА
Страна публикации Российская Федерация
105 ## - ПОЛЕ КОДИРОВАННЫХ ДАННЫХ: ТЕКСТОВЫЕ МАТЕРИАЛЫ, МОНОГРАФИЧЕСКИЕ
Кодированные данные о монографическом текстовом документе a|||z|||100zy
200 1# - ЗАГЛАВИЕ И СВЕДЕНИЯ ОБ ОТВЕТСТВЕННОСТИ
Основное заглавие Мир в зеркале языков: комплексная парадигма
Параллельное заглавие The world through languages: complex paradigm
Сведения, относящиеся к заглавию IX Всероссийская научно-практическая студенческая конференция (г. Шахты, 20 апреля 2018 года)
-- материалы
Первые сведения об ответственности Министерство образования и науки Российской Федерации, Институт сферы обслуживания и предпринимательства (филиал) Федерального государственного бюджетного образовательного учреждения высшего образования "Донской государственный технический университет" в г. Шахты Ростовской области (ИСОиП (филиал) ДГТУ в г. Шахты)
Последующие сведения об ответственности [редакционная коллегия: к.п.н., доц. С.И. Ершова (председатель) и др.]
Язык параллельного заглавия английский
210 ## - ПУБЛИКАЦИЯ, РАСПРОСТРАНЕНИЕ И ДР.
Место издания, распространения и т.д. Шахты
Имя издателя, распространителя и т. д. ИСОиП (фил.) ДГТУ в г. Шахты
Дата издания, распространения и т.д. 2018
215 ## - ФИЗИЧЕСКАЯ ХАРАКТЕРИСТИКА
Специфическое обозначение материала и объем 168, [1] с.
Другие сведения о физической характеристике ил., табл.
Размеры 21
300 ## - ОБЩИЕ ПРИМЕЧАНИЯ
Текст примечания Часть текста на англ., фр., и нем. яз.
313 ## - ПРИМЕЧАНИЯ, ОТНОСЯЩИЕСЯ К ТЕМАТИЧЕСКОМУ ДОСТУПУ
Текст примечания В сборнике приведены результаты аналитических и научных исследований , выполненных студентами в рамках различных языковых секций
320 ## - ПРИМЕЧАНИЯ О НАЛИЧИИ В ДОКУМЕНТЕ БИБЛИОГРАФИИ / УКАЗАТЕЛЯ
Текст примечания Библиогр. в конце ст.
510 1# - ПАРАЛЛЕЛЬНОЕ ЗАГЛАВИЕ
Параллельное заглавие The world through languages: complex paradigm
Язык заглавия английский
606 1# - НАИМЕНОВАНИЕ ТЕМЫ КАК ПРЕДМЕТ
Наименование темы Языки
Тематический подзаголовок Научно-исследовательская работа студентов
Формальный подзаголовок Съезды, совещания и т.п
Код системы nlr_sh2
Идентификатор авторитетной/нормативной записи RU\NLR\AUTH\6601650451
606 1# - НАИМЕНОВАНИЕ ТЕМЫ КАК ПРЕДМЕТ
Наименование темы Общественные науки
Формальный подзаголовок Съезды, совещания и т.п
Код системы nlr_sh1
-- nlr_sh2
Идентификатор авторитетной/нормативной записи RU\NLR\AUTH\66119728
686 1# - ИНДЕКСЫ ДРУГИХ КЛАССИФИКАЦИЙ
Индекс Ч486.11/17(2Р)-268я431
686 1# - ИНДЕКСЫ ДРУГИХ КЛАССИФИКАЦИЙ
Индекс С.я431
702 #1 - ИМЯ ЛИЦА - ВТОРИЧНАЯ ОТВЕТСТВЕННОСТЬ
Начальный элемент ввода Ершова
Часть имени, кроме начального элемента ввода С. И.
Дополнения к именам, кроме дат канд. пед. наук
Даты 1954-
Расширение инициалов личного имени Светлана Ивановна
Идентификатор авторитетной/нормативной записи RU\NLR\AUTH\7776240
Код отношения Редактор
711 12 - НАИМЕНОВАНИЕ ОРГАНИЗАЦИИ - АЛЬТЕРНАТИВНАЯ ОТВЕТСТВЕННОСТЬ
Начальный элемент ввода "Мир в зеркале языков: комплексная парадигма", международная научно-практическая студенческая конференция
Порядковый номер временной организации и / или порядковый номер ее части 9
Дата проведения временной организации 2018
Место проведения временной организации Шахты
Идентификатор авторитетной/нормативной записи RU\NLR\AUTH\880491770
712 02 - НАИМЕНОВАНИЕ ОРГАНИЗАЦИИ - ВТОРИЧНАЯ ОТВЕТСТВЕННОСТЬ
Начальный элемент ввода Институт сферы обслуживания и предпринимательства
Идентифицирующий признак Шахты
Идентификатор авторитетной/нормативной записи RU\NLR\AUTH\880359712
Код отношения Издающая организация
942 ## - ДОПОЛНИТЕЛЬНЫЕ ЭЛЕМЕНТЫ ЗАПИСИ (АБИС)
Тип экземпляра АБИС Книга
980 ## - КОЛЛЕКЦИЯ
Название коллекции НБР
980 ## - КОЛЛЕКЦИЯ
Название коллекции Национальная библиография

Нет доступных экземпляров.